Statistiques concernant Mots de la langue française terminés par "rave"

Cliquez ici pour prendre le quiz!

Statistiques générales

  • Ce quiz a été pris 139 fois
  • Le résultat moyen est 5 sur 9

Statistiques - réponses

IndiceMot% Correct
courageuxbrave
92%
légumebetterave
90%
souvent associée à "party"rave
90%
tragiquegrave
75%
gêneentrave
53%
pièce d'un navireétrave
33%
corbeaucrave
23%
flottage du boisdrave
16%
titre princier en Allemagnelandrave
0%

Distribution des résultats

Percentile par nombre de réponses

% des personnes avec chaque résultat

Votre développement - résultats

Vous n’avez pas pris ce quiz